000 00676nam a2200205 a 4500
001 000025397
005 20200930023747.0
008 110215s1993 mx a r 001 0 spa d
020 _a9684227755
040 _aDO-SdBNP
_bspa
_cBNPHU
082 _ann*
_bnn*
100 1 _aBaca Urbina, Gabriel.
_951991
245 1 0 _aEvaluación de proyectos :
_banálisis y administración del riesgo /
_cGabriel Baca Urbina ; revisión técnica de Leonardo Vergara Nava.
250 _a2a ed.
260 _aMéxico, D. F. :
_bMcGraw-Hill,
_c1993.
300 _a284 p. :
_bil. ;
_c23 cm.
500 _aIncluye índice alfabético.
700 1 _aVergara Nava, Leonardo.
_951992
049 _aBNGR
999 _c24889
_d24889